000 00543pam a2200193 a 4500
001 1510077
005 20250203181335.0
008 890718s1989 miu b 001 0 eng
020 _a0801038324
050 0 0 _aBJ1251
_b.G4 1989
082 0 0 _a241
_220
100 1 _aGeisler, Norman L.
245 1 0 _aChristian ethics /
_cNorman L. Geisler.
260 _aGrand Rapids, Mich. :
_bBaker Book House,
_cc1989.
300 _a335 p. ;
_c23 cm.
500 _aSubtitle on cover: Options and issues.
650 0 _aChristian ethics.
942 _2lcc
_cBK
_n0
999 _c3398
_d3398